1418 1320 1523 1222 1243 1655 1486 1736 1882 1866 1534 1869 1339 1462 1028 1415 1866 1657 1820 1879 1358 1430 1349 1869 1606 1913 1719 1773 1905 1235 1611 1379 1386 1866 1916 1267 1277 1117 1863 1859 1721 1609 1551 1499 1617 1389 1384 1704 1805 1976 1312 1994 1941 1217 1097 1272 1847 1259 1263 1854 1492 1106 1011 1646 1379 1536 1865 1281 1641 1608 1574 1557 1762 1819 1573 1905 1917 1941 1821 1744 1208 1891 1809 1878 1670 1187 1367 1665 1559 1153 1157 1197 1067 1000 1725 1087 1022 1005 1149 BCNSPRNW ULIB Ver.6.0+V

เปลี่ยนเป็นภาษาไทย

Change to English
 แสดงรายละเอียดบรรณานุกรม
  กลับหน้าหลัก

Brief Record : Get Marc (ISO 2709) : E-mail record : QR code < ปิดหน้าต่าง
LEADER : 00000nam 2200000uu 4500
001    13399109120
003     ULIB
008    110322s2552||||th 000 0 tha d
020    9789744141170
050  4 PE1128^bส867ก 2552
100 0  สุรีรัตน์ ทองอินทร์
245 10 เก่ง tense! /^cสุรีรัตน์ ทองอินทร์
246 24 เก่ง tense! เรื่องกล้วย ๆ
250    พิมพ์ครั้งที่ 1
260    กรุงเทพฯ :^bบิสคิต,^c2552
300    131 หน้า :^bภาพประกอบสี ;^c21 ซม.
650  7 ภาษาอังกฤษ^xไวยากรณ์
650  7 ภาษาอังกฤษ^xการใช้ภาษา
945    ^p175^l0^i029918
945    ^p175^l0^i029917
995    ทศพร
999 ^a ใช้งานได้ทุกระบบ
รายการนี้ยังไม่มีแท็ก
คุณยังไม่ได้ล็อกอิน คุณสามารถมีกิจกรรมร่วมกับเว็บไซต์ได้ แต่ต้องล็อกอินก่อน ::
  ล็อกอิน

รายการสื่อสารสนเทศ

ลำดับที่ ประเภท เลขเรียก/บาร์โค้ด สถานที่ สถานะ
- ไม่พบข้อมูล -

รายการใกล้เคียง
    ผู้แต่ง [สุรีรัตน์ ทองอินทร์]

    หัวเรื่อง [ภาษาอังกฤษ การใช้ภาษา]

BibComment


ยังไม่เคยถูกคอมเมนท์

คอมเมนท์ทรัพยากรรายการนี้
  คอมเมนท์: เก่ง tense สุรีร..


 Copyright 2026. Bcnsprnw @Library